| 000 | 01063nam a2200277 i 4500 | ||
|---|---|---|---|
| 001 | bg | ||
| 100 | 1 | _aWoliński, Szczepan. | |
| 245 | 1 | 0 |
_aNiezawodność konstrukcji budowlanych / _cSzczepan Woliński, Krystyna Wróbel. |
| 260 |
_aRzeszów : _bOficyna Wydawnicza Politechniki Rzeszowskiej, _c2001. |
||
| 300 |
_a184 s. : _bwykr. ; _c24 cm. |
||
| 500 | _aSkrypt dla studentów Wydziału Budownictwa i Inżynierii Środowiska do wykładów i ćwiczeń audytoryjnych z przedmiotu "niezawodność konstrukcji budowlanych". | ||
| 504 | _aBibliogr. s. 181-184. | ||
| 650 | 9 | _aNiezawodność konstrukcji | |
| 650 | 9 |
_aKonstrukcje budowlane _xbezpieczeństwo |
|
| 650 | 9 |
_aRachunek prawdopodobieństwa _xstosowanie _xbudownictwo |
|
| 650 | 9 |
_aStatystyka matematyczna _xstosowanie _xbudownictwo |
|
| 655 | _aPodręczniki akademickie | ||
| 700 | 1 | _aWróbel, Krystyna. | |
| 020 | _a8371991606 | ||
| 040 | _cBPK | ||
| 041 | 0 | _apl | |
| 080 | _a624.01/.07:519.2](075.8) | ||
| 920 | _a83-7199-160-6 | ||
| 942 | _cKS | ||
| 008 | s pl f |000 0 pol | ||
| 999 |
_c39632 _d39632 |
||
| 856 |
_uhttp://koha.tu.koszalin.pl/cgi-bin/koha/opac-detail.pl?biblionumber=39632 _yKatalog online BPK |
||